000
00527nam a2200169Ia 4500
008
090711s9999 xx 000 0 und d
082
_b
60542
100
_a
किणीकर रॉय
245
_a
दर्यावर्दी कोलंबस
260
_c
1988
300
_a
157
600
_a
किणीकर रॉय
630
_a
दर्यावर्दी कोलंबस
700
_a
किणीकर रॉय
730
_a
दर्यावर्दी कोलंबस
942
_c
BOOK
999
_c
291071
_d
291071